Colombia : (Registro nro. 15336)
[ vista simple ]
| 000 -LEADER | |
|---|---|
| fixed length control field | 00889nam a22002297a 4500 |
| 003 - CONTROL NUMBER IDENTIFIER | |
| control field | OSt |
| 005 - DATE AND TIME OF LATEST TRANSACTION | |
| control field | 20210311105208.0 |
| 008 - FIXED-LENGTH DATA ELEMENTS--GENERAL INFORMATION | |
| fixed length control field | 210311s2010 ck ao||gr|||| 00| 0dspa d |
| 020 ## - INTERNATIONAL STANDARD BOOK NUMBER | |
| International Standard Book Number | 9789584477712 |
| 040 ## - CATALOGING SOURCE | |
| Original cataloging agency | CO-JMCR |
| Transcribing agency | CO-JMCR |
| 041 0# - LANGUAGE CODE | |
| Language code of text/sound track or separate title | spa |
| 082 04 - DEWEY DECIMAL CLASSIFICATION NUMBER | |
| Classification number | 778.9409861 / |
| Item number | V985c |
| Edition number | 23 |
| 100 1# - MAIN ENTRY--PERSONAL NAME | |
| Personal name | Vásquez Cuartas, Jorge Iván, |
| Relator term | autor |
| 9 (RLIN) | 35937 |
| 245 10 - TITLE STATEMENT | |
| Title | Colombia : |
| Remainder of title | vista con buenos ojos / |
| Statement of responsibility, etc. | fotografías, Jorge Iván Vásquez Cuartas |
| 260 ## - PUBLICATION, DISTRIBUTION, ETC. | |
| Place of publication, distribution, etc. | Bogotá : |
| Name of publisher, distributor, etc. | Jorge Iván Vásquez Cuartas, |
| Date of publication, distribution, etc. | impresión 2010 |
| 300 ## - PHYSICAL DESCRIPTION | |
| Extent | [177] páginas : |
| Other physical details | Ilustraciones y fotografías a color ; |
| Dimensions | 22 x 29 cm. |
| 500 ## - GENERAL NOTE | |
| General note | Incluye datos biográficos del autor. |
| 650 14 - SUBJECT ADDED ENTRY--TOPICAL TERM | |
| Topical term or geographic name entry element | Recursos naturales |
| General subdivision | fotografías |
| Geographic subdivision | Colombia |
| 9 (RLIN) | 35938 |
| 651 #4 - SUBJECT ADDED ENTRY--GEOGRAPHIC NAME | |
| Geographic name | Colombia |
| Form subdivision | fotografías |
| General subdivision | descripciones y viajes |
| 9 (RLIN) | 10305 |
| 651 #4 - SUBJECT ADDED ENTRY--GEOGRAPHIC NAME | |
| Geographic name | Colombia |
| Form subdivision | fotografías |
| General subdivision | vida social y costumbres |
| 9 (RLIN) | 35939 |
| 942 ## - ADDED ENTRY ELEMENTS (KOHA) | |
| Source of classification or shelving scheme | Dewey Decimal Classification |
| Koha item type | Books |
| Withdrawn status | Lost status | Source of classification or shelving scheme | Damaged status | Not for loan | Collection code | Home library | Current library | Date acquired | Source of acquisition | Total Checkouts | Full call number | Barcode | Date last seen | Date last checked out | Copy number | Price effective from | Koha item type |
|---|---|---|---|---|---|---|---|---|---|---|---|---|---|---|---|---|---|
| Dewey Decimal Classification | Non-fiction | Biblioteca Pública José María del Castillo y Rada | Biblioteca Pública José María del Castillo y Rada | 10/02/2020 | Donación | 1 | 778.9409861 / V985c | 201810791 | 05/16/2024 | 10/19/2023 | Ej.1 | 03/11/2021 | Books |